000 00815nam a22002177a 4500
999 _c63623
_d63623
005 20240530110650.0
008 171121s2015 ua a g b 000 0 ara d
017 _a2015/1595
_bمصر. دار الكتب
020 _a9789773375157
040 _aEG-CaGPL
_cEG-CaGPL
082 0 4 _221
_a371.42\
_bج ق
100 0 _aجواهر احمد قناديلى
245 1 0 _aقضايا فى الادارة التربوية المعاصرة من منظور اسلامى /
_cتأليف جواهر احمد قناديلى .
250 _aط.1
260 _aالقاهرة :
_bمركز الخبرات المهنية للادارة (ببميك) ،
_c2015 .
300 _a207 ص. ؛
_c24 سم.
650 0 7 _2qrmak
_aالادارة
651 _2qrmak
942 _2ddc
_cBK